000 00324nam a2200145Ia 4500
008 221030s9999 xx 000 0 und d
041 _aEnglish
082 _a105.23
_bBha
100 _aS. K. Bhattacharya
245 0 _aElectrical Machines
260 _bTMH
_aNew Delhi
_c1989
300 _a446
650 _aEE
942 _cBK
999 _c1326
_d1326